Miscibility behaviour of halogenated polymethacrylates /
محفوظ في:
| المؤلف الرئيسي: | |
|---|---|
| التنسيق: | أطروحة كتاب |
| اللغة: | English |
| منشور في: |
1991.
|
| الموضوعات: | |
| الوسوم: |
إضافة وسم
لا توجد وسوم, كن أول من يضع وسما على هذه التسجيلة!
|
| LEADER | 00751cam a2200229 a 4500 | ||
|---|---|---|---|
| 001 | u307934 | ||
| 003 | SIRSI | ||
| 008 | 930204s1991 si v 00 1 eng | ||
| 035 | |a ABL-9551 | ||
| 040 | |a UMM | ||
| 090 | |a QD381.9 |b S65Neo | ||
| 100 | 1 | 0 | |a Neo, Muay Kheng. |
| 245 | 1 | 0 | |a Miscibility behaviour of halogenated polymethacrylates / |c by Neo Muay Kheng. |
| 260 | |c 1991. | ||
| 300 | |a x, 132 leaves : |b ill. ; |c 30 cm. | ||
| 502 | |a Dissertation (M.Sc.) -- National University of Singapore, 1991. | ||
| 504 | |a Bibliography: leaves 108-114. | ||
| 650 | 0 | |a Polymethylmethacrylate | |
| 650 | 0 | |a Polymers |x Mixing. | |
| 948 | |a 04/02/1993 |b 06/09/2002 | ||
| 596 | |a 1 | ||
| 999 | |a QD381.9 S65NEO |w LC |c 1 |i A011194728 |d 3/12/1993 |l STACKS |m P01UTAMA |n 1 |r Y |s Y |t TESIS |u 9/3/1993 | ||
